Zapomniane miejsca Lubuskie przewodnik
| Titel: | Zapomniane miejsca Lubuskie przewodnik |
|---|---|
| Teil: | [3]. Część północna |
| Veröffentlicht: | Warszawa : Wydawnictwo CM, 2023 |
| Umfang: | 178 Seiten : Illustrationen |
| Format: | Buch |
| Sprache: | Polnisch |
| Schriftenreihe/ mehrbändiges Werk: |
Zapomniane miejsca Lubuskie przewodnik ; [3] alle Bände anzeigen
Zapomniane miejsca ; [16] |
| ISBN: | 9788367240888 |
| Hinweise zum Inhalt: |
Inhaltsverzeichnis
Register Cover |
alg: 51178958 001A $03004:19-09-23 001B $01999:13-12-24 $t00:17:16.000 001D $03004:19-09-23 001U $0utf8 001X $00 002@ $0Afu 002C $aText $btxt $2rdacontent 002D $aohne Hilfsmittel zu benutzen $bn $2rdamedia 002E $aBand $bnc $2rdacarrier 003@ $0511789580 003O $01398231040 $aOCoLC 004A $A978-83-67240-88-8 007A $0511789580 $aHEB 007G $0DE020B9A16D662280FAABC1258A31002B1081 009P $qapplication/pdf $A2 $3Inhaltsverzeichnis $uhttp://scans.hebis.de/HEBCGI/show.pl?51178958_toc.pdf $mV:DE-603;B:DE-Mb50 009P $qapplication/pdf $A2 $3Register $uhttp://scans.hebis.de/HEBCGI/show.pl?51178958_idx.pdf $mV:DE-603;B:DE-Mb50 009P $qapplication/pdf $A2 $3Cover $uhttp://scans.hebis.de/HEBCGI/show.pl?51178958_cov.pdf $mV:DE-603;B:DE-Mb50 010@ $apol 010E $erda 011@ $a2023 013D $RAdressbuch $RVerzeichnis $#Handbooks, vade-mecums, etc. $#Guides pratiques $#Stadtführer $#Reiseführer Formschlagwort $74155569-7 $8Führer [Ts1] $9085661619 021A $aCzęść północna 033A $pWarszawa $nWydawnictwo CM 034D $a178 Seiten 034M $aIllustrationen 036C $aZapomniane miejsca Lubuskie przewodnik $x13 $l[3] 036D $x13 $8Zapomniane miejsca Lubuskie / Jakub Jagiełło, Adam Suwa $9448034972 036E $aZapomniane miejsca $l[16] lok: 51178958 24 exp: 51178958 24 1 #EPN 201B/01 $020-09-23 $t09:53:58.000 201C/01 $019-09-23 201U/01 $0utf8 203@/01 $01243645091 208@/01 $a20-09-23 $bz 209A/01 $a23.03503 $du $f050 $h23 03503 $x00 209C/01 $a23.03503 K $h23 03503 K 209G/01 $a74804241 $x00 220C/01 $ahae 247C/01 $8358050-7Marburg, Bibliothek des Herder-Instituts Marburg $9102600961 lok: 51178958 78 exp: 51178958 78 1 #EPN 201B/01 $025-11-25 $t06:54:36.000 201C/01 $025-11-25 201U/01 $0utf8 203@/01 $01326191845 208@/01 $a25-11-25 $be 209A/01 $a/ $f000 $x00 209A/01 $ab*p $x01 220C/01 $apgar 244Z/01 $#Generalgouvernement Polen $#Polska $#Rzeczpospolita Polska $#Polska Rzeczpospolita Ludowa $#Poland $#Pologne $#République Polonaise $#Generalne Gubernatorstwo w Polsce $#Polish People's Republic $#Polska Rzeczpospolita Polen $#PRL $#RP $#Polen Generalgouvernement $#Polska Generalgouvernement $#Besetzte Polnische Gebiete $#Besetztes Gebiet in Polen $#Okupowane Polskie Obszary $#Obszary Okupowane w Polsce $#Volksrepublik Polen $#Polska Rosyjska $#Republic Polen $#Respublika Pol'ša $#Pol'skaja Narodnaja Respublika $#République de Pologne $#Polen Links der Weichsel $#Polska po Lewej Stronie Wisły $#Lenkija $#Polija $#Gubernija Carstva Pol'skago $#Republik Polen $74046496-9 $8--Tg1--Polen $x01 $9085129801 244Z/01 $#Schlesien $#Schlesien $#Herzogtum Schlesien $#Herzogtum Schlesien Schlesien $#Provinz Schlesien $#Śla̜sk $#Slezsko $#Silesia $74052678-1 $8--Tg1--Schlesien $x02 $9085146781 247C/01 $82080>Marburg/Lahn, Herder-Institut, Forschungsbibliothek, Bibliographieportal $9336309341
| LEADER | 00000cam a2200000 cc4500 | ||
|---|---|---|---|
| 001 | 511789580 | ||
| 003 | DE-603 | ||
| 005 | 20241213001716.0 | ||
| 007 | tu | ||
| 008 | 230919s2023 xx |||| | u00||u|pol c | ||
| 020 | |a 9788367240888 | ||
| 035 | |a (DE-599)HEB511789580 | ||
| 035 | |a (OCoLC)1398231040 | ||
| 040 | |a DE-603 |b ger |c DE-603 |d DE-603 |e rda | ||
| 041 | |a pol | ||
| 245 | 0 | 0 | |a Zapomniane miejsca Lubuskie przewodnik |n [3] |p Część północna |
| 264 | 1 | |a Warszawa |b Wydawnictwo CM |c 2023 | |
| 300 | |a 178 Seiten |b Illustrationen | ||
| 336 | |a Text |b txt |2 rdacontent | ||
| 337 | |a ohne Hilfsmittel zu benutzen |b n |2 rdamedia | ||
| 338 | |a Band |b nc |2 rdacarrier | ||
| 490 | 0 | |a Zapomniane miejsca |v [16] | |
| 655 | 7 | |a Führer |2 gnd-content |0 (DE-588)4155569-7 |0 (DE-603)085661619 | |
| 773 | 0 | 8 | |q 13 |w (DE-603)448034972 |
| 856 | 4 | 2 | |m V:DE-603;B:DE-Mb50 |q application/pdf |u http://scans.hebis.de/HEBCGI/show.pl?51178958_toc.pdf |3 Inhaltsverzeichnis |
| 856 | 4 | 2 | |m V:DE-603;B:DE-Mb50 |q application/pdf |u http://scans.hebis.de/HEBCGI/show.pl?51178958_idx.pdf |3 Register |
| 856 | 4 | 2 | |m V:DE-603;B:DE-Mb50 |q application/pdf |u http://scans.hebis.de/HEBCGI/show.pl?51178958_cov.pdf |3 Cover |
| 924 | 0 | |9 Mb 50 |a (DE-603)1243645091 |b DE-Mb50 |c HES |d c |g 23.03503 | |
| 924 | 0 | |9 2080 |a (DE-603)1326191845 |b DE-2080 |c HES |d d |g / | |
alle Bände anzeigen

